[Event "4NCL Division 4 South"]
[Site "Daventry, ENG"]
[Date "2019.05.06"]
[Round "11.23"]
[White "Mateu Guiu, Esteve"]
[Black "Lewis, Christopher D"]
[Result "1-0"]
[WhiteElo "2155"]
[BlackElo "1930"]
[PlyCount "47"]
[EventDate "2019.05.06"]
[WhiteTeam "Ashfield 1"]
[BlackTeam "Shropshire 2"]

1. e4 c6 2. d4 d5 3. f3 e6 4. Nc3 Bb4 5. Bd2 dxe4 6. Nxe4 Be7 7. Be3 Nd7 8. Bd3
Ngf6 9. Qe2 Qa5+ 10. Bd2 Qb6 11. O-O-O Qxd4 12. Bc3 Qb6 13. g4 Bb4 14. Nxf6+
gxf6 15. Bxb4 Qxb4 16. c3 Qf4+ 17. Kb1 Ne5 18. Bc2 Bd7 19. Rd4 Qh6 20. Qf2 c5
21. Rd1 Bc6 22. Qxc5 Nxf3 23. Nxf3 Bxf3 24. Ba4+ 1-0

[Event "4NCL Division 4 South"]
[Site "Daventry, ENG"]
[Date "2019.05.06"]
[Round "11.24"]
[White "Jamieson, Ian"]
[Black "Garnett, John S"]
[Result "1/2-1/2"]
[WhiteElo "1967"]
[BlackElo "1975"]
[PlyCount "89"]
[EventDate "2019.05.06"]
[WhiteTeam "Shropshire 2"]
[BlackTeam "Ashfield 1"]

1. b4 e5 2. Bb2 Bxb4 3. Bxe5 Nf6 4. c4 Nc6 5. Bb2 O-O 6. Nf3 Re8 7. e3 b6 8. a3
Bf8 9. Qc2 g6 10. d4 Bg7 11. Bd3 Bb7 12. O-O Ne7 13. Nbd2 d5 14. c5 c6 15. Nb3
b5 16. a4 a6 17. Bc3 Qb8 18. Ne5 Bc8 19. Na5 Qc7 20. f4 Ne4 21. axb5 axb5 22.
Naxc6 Rxa1 23. Nxe7+ Rxe7 24. Bxa1 b4 25. Qa4 Bxe5 26. fxe5 Qb8 27. Bxe4 dxe4
28. Rb1 Ra7 29. Qe8+ Kg7 30. d5 Qa8 31. Bd4 Ra2 32. e6+ Kh6 33. Qxf7 Qxd5 34.
Qf8+ Kh5 35. Qxc8 Qg5 36. g3 Qf5 37. Rf1 Qh3 38. Rf2 Rxf2 39. Kxf2 Qxh2+ 40.
Kf1 Qh1+ 41. Ke2 Qg2+ 42. Kd1 Qf1+ 43. Kc2 Qd3+ 44. Kc1 Qa3+ 45. Kd1 1/2-1/2

[Event "4NCL Division 4 South"]
[Site "Daventry, ENG"]
[Date "2019.05.06"]
[Round "11.25"]
[White "Combie, Alex B"]
[Black "Sheard, Martin"]
[Result "1/2-1/2"]
[WhiteElo "2005"]
[BlackElo "1900"]
[PlyCount "48"]
[EventDate "2019.05.06"]
[WhiteTeam "Ashfield 1"]
[BlackTeam "Shropshire 2"]

1. d4 Nf6 2. c4 e6 3. g3 d5 4. Bg2 dxc4 5. Nf3 c5 6. O-O Nc6 7. dxc5 Qxd1 8.
Rxd1 Bxc5 9. Nbd2 c3 10. bxc3 O-O 11. Nb3 Be7 12. Nfd4 Nxd4 13. Nxd4 e5 14. Nb5
Bd7 15. Nd6 Bc6 16. Nxb7 Bxg2 17. Kxg2 Rfc8 18. Bd2 Ne4 19. Rac1 Rab8 20. Na5
Rb2 21. Be3 Rxa2 22. Nb3 Nf6 23. c4 Kf8 24. h3 Ke8 1/2-1/2

[Event "4NCL Division 4 South"]
[Site "Daventry, ENG"]
[Date "2019.05.06"]
[Round "11.26"]
[White "Clarke, Neil"]
[Black "Truman, Richard G"]
[Result "1/2-1/2"]
[WhiteElo "1907"]
[BlackElo "1945"]
[PlyCount "73"]
[EventDate "2019.05.06"]
[WhiteTeam "Shropshire 2"]
[BlackTeam "Ashfield 1"]

1. Nf3 c5 2. g3 g6 3. Bg2 Bg7 4. O-O Nc6 5. d3 d6 6. Nbd2 e6 7. e4 Nge7 8. Re1
O-O 9. c3 b6 10. Nf1 Ba6 11. Bg5 h6 12. Be3 Kh7 13. Qd2 Qd7 14. Rad1 Rad8 15.
h4 e5 16. c4 Nd4 17. Bxd4 cxd4 18. N3h2 f5 19. Bh3 Qc7 20. b3 Bc8 21. Bg2 Rf7
22. h5 f4 23. hxg6+ Nxg6 24. Nf3 Rdf8 25. N1h2 Qe7 26. g4 Rg8 27. Kf1 Nh4 28.
Bh1 Bf8 29. Nxh4 Qxh4 30. f3 h5 31. Qf2 Qxf2+ 32. Kxf2 hxg4 33. fxg4 Bxg4 34.
Nxg4 Rxg4 35. Bf3 Rg3 36. Rh1+ Kg8 37. Rdg1 1/2-1/2

[Event "4NCL Division 4 South"]
[Site "Daventry, ENG"]
[Date "2019.05.06"]
[Round "11.31"]
[White "Larter, Nick J"]
[Black "Simons, Martin J"]
[Result "1/2-1/2"]
[WhiteElo "1952"]
[BlackElo "2005"]
[PlyCount "35"]
[EventDate "2019.05.06"]
[WhiteTeam "Celtic Tigers 2"]
[BlackTeam "Wessex B"]

1. e4 Nc6 2. d4 d5 3. Nc3 dxe4 4. d5 Ne5 5. Bf4 Ng6 6. Bg3 f5 7. h4 f4 8. h5
fxg3 9. hxg6 gxf2+ 10. Kxf2 Nf6 11. gxh7 Qd6 12. Bb5+ c6 13. dxc6 Qf4+ 14. Nf3
Ng4+ 15. Ke1 Qg3+ 16. Kd2 Qf4+ 17. Ke1 Qg3+ 18. Kd2 1/2-1/2

[Event "4NCL Division 4 South"]
[Site "Daventry, ENG"]
[Date "2019.05.06"]
[Round "11.32"]
[White "Clark, Ian C"]
[Black "Buttell, David"]
[Result "1/2-1/2"]
[WhiteElo "1984"]
[BlackElo "1945"]
[PlyCount "93"]
[EventDate "2019.05.06"]
[WhiteTeam "Wessex B"]
[BlackTeam "Celtic Tigers 2"]

1. e4 c5 2. Nf3 d6 3. d4 cxd4 4. Nxd4 Nf6 5. Nc3 g6 6. Be2 Bg7 7. Be3 Nc6 8.
O-O O-O 9. h3 Bd7 10. Qd2 a6 11. a4 Rc8 12. Rfd1 Ne5 13. a5 Nc6 14. Nb3 Be6 15.
Bb6 Qe8 16. Nd4 Nd7 17. Nxe6 fxe6 18. Be3 Kh8 19. Na4 Qf7 20. Rab1 Nce5 21. b3
Nf6 22. f3 Nh5 23. Nb6 Rcd8 24. b4 Ng3 25. b5 Nxe2+ 26. Qxe2 axb5 27. Rxb5 Qe8
28. Rdb1 Nc6 29. Qd2 Qf7 30. Na4 d5 31. exd5 exd5 32. Rxb7 d4 33. Bf2 Ne5 34.
Bg3 Nc4 35. Qe2 Nxa5 36. Rxe7 Rfe8 37. Rxf7 Rxe2 38. Bc7 Ra8 39. Bxa5 Kg8 40.
Rbb7 Bh6 41. Kf1 Rxc2 42. Ra7 Re8 43. Rxh7 Bf8 44. Rhc7 Ra2 45. Nc5 Bxc5 46.
Rg7+ Kh8 47. Rh7+ 1/2-1/2

[Event "4NCL Division 4 South"]
[Site "Daventry, ENG"]
[Date "2019.05.06"]
[Round "11.33"]
[White "Stevenson, James"]
[Black "Weatherlake, John P"]
[Result "1-0"]
[WhiteElo "1994"]
[BlackElo "1922"]
[PlyCount "50"]
[EventDate "2019.05.06"]
[WhiteTeam "Celtic Tigers 2"]
[BlackTeam "Wessex B"]

1. e4 g6 2. d4 Bg7 3. Nc3 d6 4. Be3 a6 5. a4 b6 6. Nf3 Nd7 7. Bc4 e6 8. Qd2 Bb7
9. O-O h6 10. Rad1 Ne7 11. Rfe1 g5 12. Qe2 Ng6 13. Nd2 Qe7 14. Nf1 c5 15. Ng3
Nf4 16. Qd2 cxd4 17. Bxd4 Ne5 18. Bf1 Qc7 19. Be3 Nh3+ 20. Kh1 Rd8 21. Qd4 Nf4
22. Qxb6 Qb8 23. Bxa6 Bxe4 24. Ngxe4 Qxb6 25. Bxb6 Rb8 1-0

[Event "4NCL Division 4 South"]
[Site "Daventry, ENG"]
[Date "2019.05.06"]
[Round "11.34"]
[White "Marsh, Roger D W"]
[Black "Tivillier, Jacques"]
[Result "1/2-1/2"]
[WhiteElo "1937"]
[BlackElo "1915"]
[PlyCount "45"]
[EventDate "2019.05.06"]
[WhiteTeam "Wessex B"]
[BlackTeam "Celtic Tigers 2"]

1. g3 e5 2. Bg2 Nc6 3. c4 f5 4. Nc3 Nf6 5. d3 Bb4 6. Bd2 O-O 7. a3 Bxc3 8. Bxc3
d6 9. Nf3 Qe8 10. Qc2 Qh5 11. O-O-O Ne7 12. c5 Be6 13. h3 Nd7 14. g4 Qg6 15.
gxf5 Qxf5 16. cxd6 cxd6 17. Kb1 Nd5 18. h4 Nxc3+ 19. bxc3 h6 20. Bh3 Qf7 21.
Bxe6 Qxe6 22. Qa2 Nc5 23. Qxe6+ 1/2-1/2

[Event "4NCL Division 4 South"]
[Site "Daventry, ENG"]
[Date "2019.05.06"]
[Round "11.35"]
[White "Cranston, Adam"]
[Black "Bellers, Chris J"]
[Result "1/2-1/2"]
[WhiteElo "1802"]
[BlackElo "1929"]
[PlyCount "108"]
[EventDate "2019.05.06"]
[WhiteTeam "Celtic Tigers 2"]
[BlackTeam "Wessex B"]

1. d4 g6 2. Bf4 Bg7 3. Nc3 d6 4. Nf3 Nd7 5. e4 a6 6. Qd2 h6 7. a3 e6 8. Bc4 b5
9. Bb3 Bb7 10. O-O-O Ne7 11. Qe3 Nb6 12. h4 Qd7 13. d5 e5 14. Bg3 f5 15. Qd3 f4
16. Bh2 Bf6 17. g3 g5 18. gxf4 gxf4 19. Nd2 Rg8 20. Rdg1 O-O-O 21. Qf3 Kb8 22.
Qh5 Rxg1+ 23. Bxg1 Rh8 24. f3 Bc8 25. Bxb6 cxb6 26. Nd1 Qe8 27. Qxe8 Rxe8 28.
h5 Rg8 29. a4 bxa4 30. Bxa4 b5 31. Bb3 Bd7 32. Nf2 Rg2 33. Nd3 Be8 34. c4 Kc7
35. c5 Nc8 36. c6 Kb6 37. Nf1 Rg5 38. Nf2 Bxh5 39. Nh2 Bg7 40. Bd1 Be8 41. Be2
Rg2 42. Nhg4 h5 43. Bf1 Rg3 44. Nh2 Bf6 45. Bh3 Ne7 46. Kd2 Rg7 47. Rc1 Ng6 48.
b4 Nh4 49. Ke2 Bd8 50. Ra1 Ka7 51. Bc8 Kb8 52. Bb7 Rxb7 53. cxb7 Kxb7 54. Rg1
Ng6 1/2-1/2

[Event "4NCL Division 4 South"]
[Site "Daventry, ENG"]
[Date "2019.05.06"]
[Round "11.36"]
[White "Adaway, William"]
[Black "Sturt, Charles A"]
[Result "1-0"]
[WhiteElo "1863"]
[BlackElo "1682"]
[PlyCount "43"]
[EventDate "2019.05.06"]
[WhiteTeam "Wessex B"]
[BlackTeam "Celtic Tigers 2"]

1. e4 e6 2. d4 d5 3. exd5 exd5 4. Nf3 c6 5. Bd3 Bd6 6. O-O Ne7 7. c3 Bf5 8.
Bxf5 Nxf5 9. Re1+ Ne7 10. Bg5 f6 11. Bh4 O-O 12. Qc2 Qc8 13. Bg3 Nf5 14. Nbd2
Nxg3 15. hxg3 c5 16. Nf1 Nc6 17. dxc5 Bxc5 18. Rad1 Bb6 19. Qb3 Qc7 20. Qxd5+
Kh8 21. Qd7 Qxg3 22. Nxg3 1-0

[Event "4NCL Division 4 South"]
[Site "Daventry, ENG"]
[Date "2019.05.06"]
[Round "11.41"]
[White "Jukes, Sam"]
[Black "Hayward, Philip"]
[Result "0-1"]
[WhiteElo "1892"]
[BlackElo "1960"]
[PlyCount "46"]
[EventDate "2019.05.06"]
[WhiteTeam "West is Best 3"]
[BlackTeam "Oxford 3"]

1. e4 e6 2. Nf3 d5 3. e5 c5 4. b4 d4 5. bxc5 Bxc5 6. Bc4 Nc6 7. O-O Nge7 8. a4
Ng6 9. Re1 O-O 10. Ba3 b6 11. d3 Bb7 12. Nbd2 Bxa3 13. Rxa3 Qc7 14. Qe2 Rad8
15. c3 Qe7 16. Rea1 Nf4 17. Qe4 g5 18. Qe1 g4 19. Qe4 Nxg2 20. Kxg2 dxc3 21.
Qxg4+ Kh8 22. Ne4 Rg8 23. Neg5 Nxe5 0-1

[Event "4NCL Division 4 South"]
[Site "Daventry, ENG"]
[Date "2019.05.06"]
[Round "11.42"]
[White "Alizada, Eldar"]
[Black "Smith, Steve"]
[Result "1/2-1/2"]
[WhiteElo "1953"]
[BlackElo "1763"]
[PlyCount "52"]
[EventDate "2019.05.06"]
[WhiteTeam "Oxford 3"]
[BlackTeam "West is Best 3"]

1. d4 d5 2. Nf3 Nf6 3. c4 c6 4. e3 Bf5 5. Nc3 e6 6. Be2 Bd6 7. O-O h6 8. b3
Nbd7 9. Bb2 O-O 10. Nh4 Bh7 11. f4 Ne4 12. Nxe4 Bxe4 13. Qe1 Be7 14. Nf3 f5 15.
Bc3 a5 16. Qd2 Kh8 17. Bd3 Bxd3 18. Qxd3 g5 19. Ne5 Nxe5 20. fxe5 g4 21. Be1
Bg5 22. Bg3 Kg7 23. Bf4 Bh4 24. Rac1 Qd7 25. Qd2 Be7 26. e4 Rh8 1/2-1/2

[Event "4NCL Division 4 South"]
[Site "Daventry, ENG"]
[Date "2019.05.06"]
[Round "11.43"]
[White "Di-Vetta, Andrew"]
[Black "Rogozinski, Andrew"]
[Result "0-1"]
[WhiteElo "1730"]
[BlackElo "1874"]
[PlyCount "50"]
[EventDate "2019.05.06"]
[WhiteTeam "West is Best 3"]
[BlackTeam "Oxford 3"]

1. c4 Nf6 2. Nc3 g6 3. g3 Bg7 4. Bg2 d6 5. Nf3 O-O 6. O-O e5 7. d3 c6 8. e4 Ne8
9. Be3 f5 10. Qb3 f4 11. gxf4 exf4 12. c5+ Kh8 13. Bd4 Bxd4 14. Nxd4 dxc5 15.
Ne6 Bxe6 16. Qxe6 Ng7 17. Qh3 Nd7 18. Rfd1 Ne5 19. Rd2 f3 20. Qg3 Qe7 21. Bf1
Nh5 22. Qh3 Qg5+ 23. Kh1 Qxd2 24. Qe6 Rae8 25. Qb3 Qxf2 0-1

[Event "4NCL Division 4 South"]
[Site "Daventry, ENG"]
[Date "2019.05.06"]
[Round "11.44"]
[White "Terry, Sean"]
[Black "Eckert, Jonathan"]
[Result "1/2-1/2"]
[WhiteElo "1888"]
[BlackElo "1681"]
[PlyCount "50"]
[EventDate "2019.05.06"]
[WhiteTeam "Oxford 3"]
[BlackTeam "West is Best 3"]

1. c4 f5 2. b3 e5 3. Bb2 d6 4. e3 Nf6 5. Nc3 Be7 6. d3 O-O 7. Nf3 Nc6 8. Be2
Qe8 9. a3 a5 10. Rc1 Bd8 11. Nb5 b6 12. Qc2 Na7 13. Nc3 Bb7 14. b4 Nc6 15. c5
axb4 16. axb4 bxc5 17. bxc5 Na5 18. Ba3 Be7 19. Bb4 Kh8 20. Qb2 Bc6 21. cxd6
Bxd6 22. Bxd6 $11 cxd6 23. Ra1 Qd7 24. Ra3 Nd5 25. Nxd5 Bxd5 1/2-1/2

[Event "4NCL Division 4 South"]
[Site "Daventry, ENG"]
[Date "2019.05.06"]
[Round "11.45"]
[White "Davies, Merlin"]
[Black "Staples, Neil"]
[Result "1/2-1/2"]
[WhiteElo "1566"]
[BlackElo "1841"]
[PlyCount "75"]
[EventDate "2019.05.06"]
[WhiteTeam "West is Best 3"]
[BlackTeam "Oxford 3"]

1. e4 d5 2. exd5 Qxd5 3. Nc3 Qd8 4. d4 Nf6 5. Nf3 c6 6. Bc4 Bf5 7. O-O e6 8.
Bf4 Be7 9. Qe2 O-O 10. Rad1 Nbd7 11. Rfe1 Nb6 12. Bb3 Nbd5 13. Bg3 Nxc3 14.
bxc3 Ne4 15. Qe3 Nxg3 16. hxg3 Bf6 17. c4 Qb6 18. Ne5 Rad8 19. c5 Qc7 20. g4
Bxe5 21. gxf5 Bh2+ 22. Kh1 Bf4 23. Qh3 exf5 24. Qxf5 Bh6 25. d5 cxd5 26. Rxd5
Qf4 27. Qxf4 Bxf4 28. g3 Bd2 29. Re7 Bb4 30. Rxd8 Rxd8 31. Rxf7 Kh8 32. Rxb7
Bxc5 33. Kg2 h6 34. Rc7 Bb6 35. Rf7 Kh7 36. c4 Kg6 37. Rf3 Rd2 38. Kf1 1/2-1/2

[Event "4NCL Division 4 South"]
[Site "Daventry, ENG"]
[Date "2019.05.06"]
[Round "11.46"]
[White "Neatherway, A Philip"]
[Black "Davies, Huw"]
[Result "1-0"]
[WhiteElo "1793"]
[BlackElo "1225"]
[PlyCount "85"]
[EventDate "2019.05.06"]
[WhiteTeam "Oxford 3"]
[BlackTeam "West is Best 3"]

1. Nf3 Nc6 2. e4 e5 3. Bb5 Bd6 4. O-O Nd4 5. Bc4 Nxf3+ 6. Qxf3 Qf6 7. Re1 Qxf3
8. gxf3 Nh6 9. c3 Be7 10. d4 d6 11. Be3 g5 12. Nd2 Bd7 13. Kh1 a6 14. Rg1 f6
15. h4 Nf7 16. Bxf7+ Kxf7 17. hxg5 fxg5 18. Bxg5 h6 19. Bxe7 Kxe7 20. Rg7+ Kd8
21. Rag1 Rc8 22. Rg8+ Rxg8 23. Rxg8+ Be8 24. Rh8 h5 25. Rh7 b6 26. dxe5 dxe5
27. Nc4 c6 28. Nxe5 Rc7 29. Rxc7 Kxc7 30. Kh2 b5 31. Kg3 c5 32. a3 c4 33. f4
Kd6 34. Kh4 Ke7 35. Kg5 Ke6 36. Nf3 Ke7 37. Nd4 a5 38. Nf5+ Kf8 39. Ng3 Ke7 40.
Nxh5 Bxh5 41. Kxh5 Kf6 42. Kh6 a4 43. Kh5 1-0

[Event "4NCL Division 4 South"]
[Site "Daventry, ENG"]
[Date "2019.05.06"]
[Round "11.51"]
[White "Burke, Steven J"]
[Black "Fletcher, John"]
[Result "0-1"]
[WhiteElo "1952"]
[BlackElo "1974"]
[PlyCount "36"]
[EventDate "2019.05.06"]
[WhiteTeam "Ashfield 2"]
[BlackTeam "The Full Ponty"]

1. c4 Nf6 2. Nc3 e5 3. Nf3 Nc6 4. d4 exd4 5. Nxd4 Bb4 6. Nxc6 Bxc3+ 7. bxc3
bxc6 8. g3 O-O 9. Bg2 Re8 10. O-O a5 11. Ba3 Ba6 12. Qd4 Rxe2 13. Bf3 Re6 14.
Rfd1 d5 15. cxd5 cxd5 16. Bxd5 Nxd5 17. Qxd5 Re1+ 18. Kg2 Qxd5+ 0-1

[Event "4NCL Division 4 South"]
[Site "Daventry, ENG"]
[Date "2019.05.06"]
[Round "11.52"]
[White "Adams, Mark"]
[Black "Gogia, Armaan"]
[Result "1/2-1/2"]
[WhiteElo "1971"]
[BlackElo "1982"]
[PlyCount "33"]
[EventDate "2019.05.06"]
[WhiteTeam "The Full Ponty"]
[BlackTeam "Ashfield 2"]

1. e4 c5 2. Nf3 d6 3. d4 cxd4 4. Nxd4 Nf6 5. Nc3 a6 6. h3 Qb6 7. Nb3 Nc6 8. Be3
Qc7 9. Bd3 e6 10. O-O b5 11. a3 Be7 12. f4 Bb7 13. Qe2 Rc8 14. Qf2 Nd7 15. g4
Na5 16. Nxa5 Qxa5 17. b4 1/2-1/2

[Event "4NCL Division 4 South"]
[Site "Daventry, ENG"]
[Date "2019.05.06"]
[Round "11.53"]
[White "Flynn, David"]
[Black "Perrett, David C"]
[Result "1/2-1/2"]
[WhiteElo "1930"]
[BlackElo "1927"]
[PlyCount "50"]
[EventDate "2019.05.06"]
[WhiteTeam "Ashfield 2"]
[BlackTeam "The Full Ponty"]

1. e4 Nf6 2. e5 Nd5 3. d4 d6 4. Nf3 g6 5. Bc4 c6 6. exd6 Qxd6 7. Qe2 Bg7 8. O-O
Bg4 9. c3 O-O 10. h3 Bxf3 11. Qxf3 Nd7 12. Bg5 N7b6 13. Bb3 h6 14. Bh4 Nf6 15.
Bg3 Qd7 16. Be5 Rac8 17. Rd1 Qf5 18. Qxf5 gxf5 19. Nd2 Nfd7 20. Bxg7 Kxg7 21.
Nf3 Kf6 22. Re1 c5 23. dxc5 Nxc5 24. Bc2 Rfd8 25. Red1 e6 1/2-1/2

[Event "4NCL Division 4 South"]
[Site "Daventry, ENG"]
[Date "2019.05.06"]
[Round "11.54"]
[White "Hughes, Anthony"]
[Black "Levens, David G"]
[Result "1-0"]
[WhiteElo "1910"]
[BlackElo "1930"]
[PlyCount "89"]
[EventDate "2019.05.06"]
[WhiteTeam "The Full Ponty"]
[BlackTeam "Ashfield 2"]

1. e4 c5 2. Nf3 d6 3. Bb5+ Bd7 4. Bxd7+ Qxd7 5. O-O Nc6 6. Re1 g6 7. c3 Bg7 8.
d4 Nf6 9. Nbd2 cxd4 10. cxd4 O-O 11. Nb3 Rac8 12. Bd2 Nh5 13. Rc1 b6 14. Qe2
Kh8 15. Rc2 f5 16. e5 dxe5 17. dxe5 e6 18. Rec1 Ne7 19. Nbd4 Nd5 20. g3 Rxc2
21. Rxc2 Rc8 22. Rxc8+ Qxc8 23. Ng5 Nc7 24. Nf7+ Kg8 25. Nd6 Qa8 26. f4 Qd5 27.
Qc4 Qxc4 28. Nxc4 Bf8 29. Nc6 Bc5+ 30. Be3 Bxe3+ 31. Nxe3 a6 32. Kf2 Kf7 33.
Nc4 Nd5 34. Ne3 Nxe3 35. Kxe3 Ke8 36. Kd4 Ng7 37. Kc4 Kd7 38. Nb8+ Kc8 39. Nxa6
Kb7 40. Kb5 Ne8 41. a3 h6 42. a4 g5 43. a5 gxf4 44. gxf4 Ng7 45. axb6 1-0

[Event "4NCL Division 4 South"]
[Site "Daventry, ENG"]
[Date "2019.05.06"]
[Round "11.55"]
[White "Graham, Neil"]
[Black "Quinn, Peter"]
[Result "1/2-1/2"]
[WhiteElo "1825"]
[BlackElo "1838"]
[PlyCount "69"]
[EventDate "2019.05.06"]
[WhiteTeam "Ashfield 2"]
[BlackTeam "The Full Ponty"]

1. d4 Nf6 2. f3 d6 3. e4 c6 4. c4 Nbd7 5. Nc3 g6 6. Be3 Bg7 7. Bd3 O-O 8. Nge2
e5 9. d5 cxd5 10. cxd5 a6 11. O-O b6 12. a4 Ne8 13. b4 f6 14. Rc1 Rf7 15. Nb1
Nb8 16. Kh1 f5 17. Bxb6 Qxb6 18. Rxc8 Kf8 19. b5 a5 20. Na3 Qa7 21. Nc4 Nd7 22.
Rxe8+ Rxe8 23. Nxd6 Ree7 24. Nxf7 Rxf7 25. Qc2 Nc5 26. exf5 gxf5 27. h4 e4 28.
fxe4 Nxd3 29. Qxd3 Qe7 30. exf5 Qxh4+ 31. Kg1 Be5 32. Qh3 Qe4 33. Qf3 Qh4 34.
Qh3 Qe4 35. Qf3 1/2-1/2

[Event "4NCL Division 4 South"]
[Site "Daventry, ENG"]
[Date "2019.05.06"]
[Round "11.56"]
[White "Dixon, Chris"]
[Black "Taylor, Robert P"]
[Result "0-1"]
[WhiteElo "1756"]
[BlackElo "1757"]
[PlyCount "116"]
[EventDate "2019.05.06"]
[WhiteTeam "The Full Ponty"]
[BlackTeam "Ashfield 2"]

1. Nf3 d5 2. g3 Nf6 3. Bg2 Bf5 4. d3 c6 5. O-O Nbd7 6. Nbd2 e6 7. Re1 Be7 8. b3
O-O 9. Bb2 h6 10. e4 Bh7 11. e5 Ne8 12. a3 a5 13. a4 Rc8 14. Qe2 b5 15. Kh1 Qb6
16. Rf1 b4 17. Rac1 Qa6 18. Ng1 c5 19. f4 Nb6 20. g4 c4 21. dxc4 dxc4 22. Bd4
Bc5 23. Bxc5 Rxc5 24. Ne4 Bxe4 25. Bxe4 Qc8 26. Qe3 Nd5 27. Bxd5 Rxd5 28. Rfd1
Rxd1 29. Rxd1 cxb3 30. cxb3 Nc7 31. Ne2 Nd5 32. Qd2 Qb7 33. Kg1 Rc8 34. Kf2 Rc6
35. Rc1 Qb6+ 36. Kf3 Qc7 37. Kg3 Nc3 38. Kf3 Nxe2 39. Rxc6 Qxc6+ 40. Kxe2 Qg2+
41. Ke3 Qg1+ 42. Ke4 Qb1+ 43. Qd3 Qh1+ 44. Ke3 Qxh2 45. Qd8+ Kh7 46. Qd3+ g6
47. Qd7 Qg3+ 48. Ke4 Kg7 49. Qd8 Qe1+ 50. Kf3 Qc3+ 51. Kf2 Qxb3 52. Qf6+ Kg8
53. Qd8+ Kh7 54. Qe7 Qc2+ 55. Kg3 Qd3+ 56. Kf2 Qd4+ 57. Kf3 Qd5+ 58. Kg3 Kg7
0-1

[Event "4NCL Division 4 South"]
[Site "Daventry, ENG"]
[Date "2019.05.06"]
[Round "11.61"]
[White "Pink, Joshua"]
[Black "Rabbitt, Michael"]
[Result "1/2-1/2"]
[WhiteElo "2020"]
[BlackElo "1985"]
[PlyCount "219"]
[EventDate "2019.05.06"]
[WhiteTeam "Throw in the Tal"]
[BlackTeam "Check Innmates 2"]

1. d4 d5 2. c4 c6 3. Nc3 dxc4 4. e4 b5 5. a4 b4 6. Nb1 Nf6 7. e5 Nd5 8. Bxc4
Bf5 9. Nf3 e6 10. O-O a5 11. Qe2 Be7 12. Rd1 O-O 13. Nbd2 Nd7 14. Nf1 N7b6 15.
Ne3 Bg6 16. Bxd5 cxd5 17. b3 Nd7 18. Bb2 Qb6 19. Rac1 Rfc8 20. h4 h6 21. g3 Qb7
22. Ne1 Rxc1 23. Rxc1 Rc8 24. Qd1 Rxc1 25. Qxc1 Bd8 26. N1g2 Qc7 27. Qd1 Qc6
28. Nf4 Be4 29. Nh5 Be7 30. Qe2 Bf8 31. Kh2 Nb8 32. g4 Qa6 33. Nf4 Qxe2 34.
Nxe2 f6 35. f4 fxe5 36. fxe5 Kf7 37. Kg3 Be7 38. Nc1 Nc6 39. Nf1 Bd8 40. Nd2
Bc2 41. Nf3 Bb6 42. Kf4 Bd1 43. Ke3 Kg6 44. Kf4 Bxf3 45. Kxf3 Bxd4 46. Bxd4
Nxd4+ 47. Ke3 Nc6 48. Nd3 Kf7 49. Kf4 Ke7 50. g5 Kf7 51. gxh6 gxh6 52. Kg4 Nd4
53. Nc5 Kg6 54. h5+ Kf7 55. Kf4 Ke7 56. Ke3 Nc6 57. Kf4 Nd8 58. Nd3 Kd7 59. Ke3
Nb7 60. Kd2 Kc6 61. Nf2 Nc5 62. Ng4 Ne4+ 63. Ke3 Ng3 64. Nxh6 Nxh5 65. Nf7 Kc5
66. Nd8 Ng7 67. Nb7+ Kb6 68. Nd8 Kc7 69. Nf7 Kc6 70. Nd8+ Kb6 71. Kd3 Kc7 72.
Nf7 Nf5 73. Ng5 Kd7 74. Nf7 Ng3 75. Nd6 Kc6 76. Nf7 Kd7 77. Nd6 Kc7 78. Nf7 Ne4
79. Kc2 Nc5 80. Ng5 Kd7 81. Nf3 Ke7 82. Nd4 Kf7 83. Nc6 Nb7 84. Kd3 Kg6 85. Kd4
Kf5 86. Ne7+ Kf4 87. Ng6+ Kf3 88. Nf8 Nd8 89. Nxe6 Nxe6+ 90. Kxd5 Nf4+ 91. Kc6
Ke3 92. Kb5 Kd3 93. Kxa5 Kc3 94. Kb6 Kxb3 95. a5 Kc4 96. a6 b3 97. a7 b2 98.
a8=Q b1=Q+ 99. Ka7 Qa2+ 100. Kb8 Qb3+ 101. Qb7 Qe3 102. Qc7+ Kd3 103. Qd6+ Ke4
104. Qc6+ Kxe5 105. Qc7+ Kf5 106. Qf7+ Kg4 107. Qg7+ Kf3 108. Qb7+ Kf2 109. Qa7
Qxa7+ 110. Kxa7 1/2-1/2

[Event "4NCL Division 4 South"]
[Site "Daventry, ENG"]
[Date "2019.05.06"]
[Round "11.62"]
[White "Tucker, David S"]
[Black "Ireland, David J"]
[Result "1-0"]
[WhiteElo "1980"]
[BlackElo "2027"]
[PlyCount "93"]
[EventDate "2019.05.06"]
[WhiteTeam "Check Innmates 2"]
[BlackTeam "Throw in the Tal"]

1. e4 e5 2. Nf3 Nf6 3. Nxe5 Nxe4 4. Qe2 Qe7 5. Qxe4 d6 6. d4 dxe5 7. dxe5 Nc6
8. Bb5 Bd7 9. Nc3 Qb4 10. Qxb4 Bxb4 11. Bxc6 Bxc6 12. O-O O-O-O 13. Bg5 f6 14.
exf6 gxf6 15. Be3 Rdg8 16. f3 h5 17. Rad1 Rg6 18. Nd5 Bd6 19. c4 Rhg8 20. Rf2
Re8 21. Bd4 Be5 22. Bxe5 Rxe5 23. Rfd2 b6 24. Kf2 Kb7 25. Nb4 Reg5 26. g3 h4
27. Nxc6 hxg3+ 28. hxg3 Kxc6 29. Rg1 Rh6 30. f4 Rg7 31. Rg2 Rh1 32. g4 Kc5 33.
b3 c6 34. Kg3 a5 35. Rh2 Rg1+ 36. Rdg2 Rxg2+ 37. Rxg2 a4 38. f5 axb3 39. axb3
Kb4 40. Rd2 Kxb3 41. Rd6 Rc7 42. Rxf6 Kxc4 43. g5 Kd5 44. Kf4 Ra7 45. g6 Ra1
46. g7 Rf1+ 47. Ke3 1-0

[Event "4NCL Division 4 South"]
[Site "Daventry, ENG"]
[Date "2019.05.06"]
[Round "11.63"]
[White "Graff, Ben"]
[Black "Georgiou, George"]
[Result "1/2-1/2"]
[WhiteElo "1847"]
[BlackElo "1832"]
[PlyCount "50"]
[EventDate "2019.05.06"]
[WhiteTeam "Throw in the Tal"]
[BlackTeam "Check Innmates 2"]

1. d4 d5 2. Bf4 c6 3. c3 Nf6 4. Nd2 Bf5 5. Ngf3 Nbd7 6. h3 h6 7. e3 e6 8. c4
Be7 9. Qb3 Qb6 10. c5 Qxb3 11. axb3 O-O 12. b4 a6 13. Nb3 Rfc8 14. Be2 Bd8 15.
Na5 Bxa5 16. Rxa5 Ne8 17. O-O Nc7 18. Ne5 Nxe5 19. Bxe5 f6 20. Bh2 Nb5 21. Rfa1
Kf7 22. Bxb5 cxb5 23. Bd6 Bd3 24. R5a3 Bf5 25. Rc3 Rc6 1/2-1/2

[Event "4NCL Division 4 South"]
[Site "Daventry, ENG"]
[Date "2019.05.06"]
[Round "11.64"]
[White "O'Byrne, Daniel"]
[Black "Goodwin, Ed H"]
[Result "0-1"]
[WhiteElo "1742"]
[BlackElo "1877"]
[PlyCount "84"]
[EventDate "2019.05.06"]
[WhiteTeam "Check Innmates 2"]
[BlackTeam "Throw in the Tal"]

1. d4 Nf6 2. c4 e6 3. a3 c5 4. Nf3 cxd4 5. Nxd4 a6 6. Nc3 Qc7 7. e4 Nc6 8. Be3
Ne5 9. Rc1 b6 10. f3 Bb7 11. Be2 Be7 12. O-O d6 13. f4 Ned7 14. Bf3 h5 15. h3
Rc8 16. Re1 Qb8 17. Qe2 e5 18. Nf5 Bf8 19. Nd5 g6 20. Ng3 Nxd5 21. exd5 Bg7 22.
f5 h4 23. fxg6 hxg3 24. gxf7+ Kf8 25. Bg4 Rc7 26. Bg5 b5 27. b3 bxc4 28. bxc4
Nc5 29. Be6 Qa7 30. Kh1 Nxe6 31. Be3 Nc5 32. Rf1 Qa8 33. Qf3 Qc8 34. Qxg3 Ne4
35. Qg6 Rxh3+ 36. gxh3 Qxh3+ 37. Kg1 Qxe3+ 38. Kg2 Qe2+ 39. Kg1 Qe3+ 40. Kh2
Qh6+ 41. Qxh6 Bxh6 42. Rb1 Bf4+ 0-1

[Event "4NCL Division 4 South"]
[Site "Daventry, ENG"]
[Date "2019.05.06"]
[Round "11.65"]
[White "Price, Andrew"]
[Black "Snook-Lumb, Chris"]
[Result "1-0"]
[WhiteElo "1772"]
[BlackElo "1716"]
[PlyCount "36"]
[EventDate "2019.05.06"]
[WhiteTeam "Throw in the Tal"]
[BlackTeam "Check Innmates 2"]

1. e4 g6 2. d4 Bg7 3. Nf3 c5 4. Nc3 cxd4 5. Nxd4 Nc6 6. Be3 e6 7. Ndb5 d5 8.
exd5 Bxc3+ 9. Nxc3 exd5 10. Qxd5 Bf5 11. Bc4 Qf6 12. O-O-O Nge7 13. Qd6 Qh4 14.
Qf4 Qxf4 15. Bxf4 Nb4 16. Bb3 O-O 17. Bd6 Nbc6 18. Nd5 Rfe8 1-0